Insurrección o lealtad : la desintegración del imperio español en América /

En este libro se revisan los periodos anteriores a las guerras de Independencia que se dieron en cuatro países de América: Chile, Venezuela, Cuba y México.

محفوظ في:
التفاصيل البيبلوغرافية
المؤلف الرئيسي: Domínguez, Jorge I. (autor)
التنسيق: كتاب
اللغة:الإسبانية
منشور في: México : Fondo de Cultura Económica, 1985, c1985
سلاسل:(Sección de Obras de Historia)
الموضوعات:
الوسوم: إضافة وسم
لا توجد وسوم, كن أول من يضع وسما على هذه التسجيلة!

MARC

LEADER 00000nam^a2200000^a^4500
001 000094602
005 20250521000000.0
009 20260310092841.215
037 |a Acervo ITESO - Biblioteca 
041 |a ESP 
082 |a 972. 8  |b DOM 
100 |a Domínguez, Jorge I.  |e (autor) 
245 1 0 |a Insurrección o lealtad :  |b la desintegración del imperio español en América /  |c J.I. Domínguez ; tr. por Juan José Utrilla. 
264 4 |a México :  |b Fondo de Cultura Económica,  |c 1985, c1985 
300 |a 301 p. 
336 |a texto  |b txt  |2 rdacontenido 
337 |a sin mediación  |b n  |2 rdamedio 
338 |a volumen  |b nc  |2 rdasoporte 
440 1 |a (Sección de Obras de Historia) 
500 |a Traducción de: Insurrection or Loyalty. The Breakdown of the Spanish American Empire 
520 |a En este libro se revisan los periodos anteriores a las guerras de Independencia que se dieron en cuatro países de América: Chile, Venezuela, Cuba y México. 
649 |a XX 
650 |a América -  |x Historia -  |y Epoca Colonial 
650 |a América -  |x Historia -  |y Guerras de Independencia 
650 |a América -  |x Historia 
910 |a Fondo General 
920 |a Impresos - Libros 
930 |a Colección General 
905 |a 101 
901 |a 0500028849  |b IT1  |c ACC  |u 20250521 
902 |a https://opac.biblio.iteso.mx/vufind/Record/000094602